000 00595nam a2200217 a 4500
001 BRL_693
005 20190320210845.0
008 250913s1931----gw-c######---#000-0#ger-#
041 _ager
044 _agw
050 4 _aPT2051
_b.L83 1931
100 1 _aLudwig, Emil
_d1881-1948
_915431
245 1 0 _aGoethe
_bGeschichte eines menschen
260 _aBerlin
_bPaul Zsolnay
_c1931
300 _a743 p.
_bil.
_c22 cm.
500 _aAu780
600 1 4 _aGoethe, Johann Wolfgang von
_d1749-1832
_vBiografĂ­a
_924667
650 1 4 _aAutores alemanes
_vBiografĂ­a
_924668
902 _aGRL
942 _2lcc
_cB
999 _c9505
_d9505